| 000 | 00735nam a2200241 a 4500 | ||
|---|---|---|---|
| 001 | BRCA_3621 | ||
| 005 | 20190320204346.0 | ||
| 008 | 250809s1958----sp-a---###---#000-0#spa-# | ||
| 041 | _aspa | ||
| 044 | _asp | ||
| 050 | 4 |
_aND813.C3 _b.S26 1958 |
|
| 100 | 1 |
_aSambricio, Valentin de _99389 |
|
| 245 | 1 | 0 |
_aJosé del Castillo _cValentin de Sambricio. |
| 260 |
_aMadrid _bInstituto Diego Velázquez del Consejo Superior de Investigaciones Científicas _c1958 |
||
| 300 |
_a42 p. _bil., 48 láminas _c23 cm. |
||
| 500 | _aIncluye notas de las láminas | ||
| 500 | _aB293 | ||
| 504 | _aBibliografia: p. 34 | ||
| 600 | 1 | 4 |
_aCastillo, José del _d1737-1793 _99390 |
| 650 | 1 | 4 |
_aPintores españoles _97620 |
| 902 | _aGFM | ||
| 942 |
_2lcc _cB |
||
| 999 |
_c3356 _d3356 |
||